000 00604cam a2200229 4500
001 J241
008 090401t1987 xxu||||| |||| 00| 0 eng d
035 _a(Sirsi) u73999
041 _aeng
050 _a692.8
090 _aJCT 1987/17A
110 _aJoint Contracts Tribunal
_93664
245 _aWorks Contract conditions (Works Contract/2)
260 _aLondon
_bBuilding Employers Confederation
_c1987
300 _a64p. ; 30cm.
350 _a0
650 _aJCT
650 _aMANAGEMENT CONTRACT
690 _aBUILT ENVIRONMENT-BUILDING CONTRACT FORMS
942 _n0
948 _c04/03/1997
999 _c95755
_d95755